| Registos Bibliográficos associados ao registo de autoridade |
|
Etiqueta de registo: 00000nam 2200025 450 001 2281383 003 http://id.bnportugal.gov.pt/bib/catbnp/2281383 010 ## $a978-80-99967-66-4 100 ## $a20260318d2025 m y0pory01030103ba 101 1# $aslo$cpor 102 ## $aSK 105 ## $ay z 000yy 106 ## $ar 200 1# $aPes uprostred cesty$fIsabela Figueiredo$gpreklad a rozhovor Jana Benková Marcelliová 210 #9 $aBanska Bystrica$cPortugalský InÏstitút,$d2025 215 ## $a207, [3] p.$d22 cm 304 ## $aTít. orig.: Um cão no meio do caminho 700 #1 $aFigueiredo,$bIsabela,$f1963-$31449845 702 #1 $aMarcelliová,$bJana Benková,$f1979-$4730$31930693 801 #0 $aPT$bBN$gRPC 966 ## $lBN$mFGMON$pDGLAB$x3 971 ## $cssilva$d20260618 975 ## $e0$d20260619$viquintas
Etiqueta de registo: 00254nam 2200025 450 001 2189193 003 http://id.bnportugal.gov.pt/bib/catbnp/2189193 010 ## $a978-80-8234-014-6 100 ## $a20241008d2022 a y0pory01030103ba 101 1# $aslo$cpor 102 ## $aSK 105 ## $aa z 000yy 106 ## $ar 200 1# $aAtlas ciest a bádatel'ov$ecesty mníchov, prírodovedcov, adalsich cestovatel'ov, vsetkych clas do rozlicnych
kutov sveta$fIsabel Minhós Martins, Bernardo P. Carvalho$gtrad. Jana Benková Marcelliová 210 #9 $a[S.l.]$cMonokel,$d2022 215 ## $a135, [1] p.$cil.$d31 cm 304 ## $aTít. orig.: Atlas das viagens e dos exploradores 700 #1 $aMartins,$bIsabel Minhós,$f1974-$31386113 701 #1 $aCarvalho,$bBernardo P.,$f1973-$4070$3909082 702 #1 $aMarcelliová,$bJana Benková,$f1979-$4730$31930693 801 #0 $aPT$bBN$gRPC 966 ## $lBN$mFGMON$x3 971 ## $casantos$d20241008
|
|
|